• 首页
  • 本馆介绍
  • 公告通知
  • 最新文献
  • 馆藏检索
  • 电子资源
  • 读者导购
  • 参考咨询
  • 我的图书馆
  • 登录
  • 详细信息显示
  • 放入我的书架
  • 预约/预借图书
  • 作者相关作品
  • 分类相关作品
  • 丛书相关作品
  • 出版社相关作品

书目信息

  • 表格格式
  • 工作单格式
  • 卡片格式
题名:
川大史学
    
 
作者: 陈廷湘 主编
分册: 第二辑   文化史卷
出版信息: 成都   四川大学出版社  2016
页数: 685页
开本: 21cm
丛书名:
单 册:
中图分类: K0-53 , K203-53
科图分类:
主题词: 史学--shi xue--文集 , 文化史--wen hua shi--中国--文集
电子资源:
ISBN: 978-7-5614-9863-7
000 01080nam0 22002651 450
001 1731239275
005 20170602161214.0
010    @a978-7-5614-9863-7@dCNY55.00
100    @a20161116d2016 em y0chiy50 ea
101 0  @achi
102    @aCN@b510000
105    @ay z 000yy
106    @ar
200 1  @a川大史学@Achuan da shi xue@h第二辑@i文化史卷@f陈廷湘主编
210    @a成都@c四川大学出版社@d2016
215    @a685页@d21cm
304    @a英文共同题名:Historical studies at Sichuan University collection II: 2006-2016
330    @a本书主要选录2006年以来四川大学历史文化学院老师发表的有关中国文化史方面的论文30多篇,包括《胡宏性本体论对张栻的影响》《缠足的野蛮化:博览会刺激下的观念转变》《风云际会的晚清新经学转型——张之洞与廖平的师生交往及其学术史意义》等,分为中国古代文化史、近现代文化史、巴蜀文化史三个部分。
606 0  @a史学@Ashi xue@j文集
606 0  @a文化史@Awen hua shi@y中国@j文集
690    @aK0-53@v5
690    @aK203-53@v5
701  0 @a陈廷湘@Achen ting xiang@f(1948~)@4主编
801  0 @aCN@bTANG WEI@c20170527
905    @b0970623-7@dK0-53@e114@f5
    
    川大史学.第二辑.文化史卷/陈廷湘主编.-成都:四川大学出版社,2016
    685页;21cm
    
    
    ISBN 978-7-5614-9863-7:CNY55.00
    本书主要选录2006年以来四川大学历史文化学院老师发表的有关中国文化史方面的论文30多篇,包括《胡宏性本体论对张栻的影响》《缠足的野蛮化:博览会刺激下的观念转变》《风云际会的晚清新经学转型——张之洞与廖平的师生交往及其学术史意义》等,分为中国古代文化史、近现代文化史、巴蜀文化史三个部分。
●
相关链接 在E读中查询图书 在五车中查询图书 在当当中查询图书 在豆瓣中查询图书


正题名:川大史学     索取号:K0-53/114         预约/预借

序号 登录号 条形码 馆藏地/架位号 状态 备注
1 0970623   209706237   第二样本阅览室/ [索取号:K0-53/114] 在馆    
2 0970624   209706246   密集书库-史法系/ [索取号:K0-53/114] 在馆    
3 0970625   209706255   第二借阅区/ [索取号:K0-53/114] 在馆    
4 0970626   209706264   第二借阅区/ [索取号:K0-53/114] 在馆    
5 0970627   209706273   第二借阅区/ [索取号:K0-53/114] 在馆    
唐山师范学院图书馆 欢迎您!
大连网信软件有限公司© 版权所有